000 00695nam a22002297a 4500
003 DO-SdBNP
005 20211005104940.0
007 ta
008 210506b 2018 dr a 001 0dspa d
020 _a9789945609417
040 _aDO-SdBNP
_bspa
_cBNPHU
041 _hspa
082 4 _aBNPHU
_bE77e
100 1 _aEspinosa Feliz, José D.
_978550
245 1 3 _aEl éxito integral /
_cJosé Espinosa ; prólogo Rafael Nino Feliz
260 _aSanto Domingo :
_bSantuario,
_c2018
300 _a222 p .:
_bil. ;
_c23 cm.
500 _aIncluye datos biográficos del autor en las solapas
590 _aInventariado, 2021/MFF
700 1 2 _924260
_aNino Féliz, Rafael,
_d1954-
_epról.
942 _2ddc
_cLBS1
999 _c49802
_d49802